| 000 | 00806nam a22002537i 4500 | ||
|---|---|---|---|
| 999 |
_c23238 _d23238 |
||
| 003 | AR-CdUCM | ||
| 008 | 250305b20062006ck ||||| |||| 00| 0 spa d | ||
| 020 | _a978-958-30-2342-2 | ||
| 040 |
_aMUNICIPALIDAD PROVINCIAL DEL CUSCO _cBIBLIOTECA MUNICIPAL DEL CUSCO |
||
| 041 | _hspa | ||
| 082 |
_aPI / 869.50 / D22P _bD22P |
||
| 100 |
_aCampanella, Marco _951074 |
||
| 245 | _aPapá, ¡te quiero mucho! / | ||
| 260 |
_aBogotá : _bPanamericana Editorial Ltda. _c2006 |
||
| 300 |
_a36 páginas. : _c22x20 cm. |
||
| 505 | _aPapá ratón -- Papá castor -- Papá ciervo -- Papá oso polar | ||
| 650 |
_aCastor _951075 |
||
| 650 |
_aRatón _951076 |
||
| 650 |
_aCiervo _951037 |
||
| 650 |
_aOso polar _951077 |
||
| 856 | _fwww.panamericanaeditorial.com | ||
| 942 |
_2ddc _cLIBROS |
||
| 945 |
_apbjr _d5-03-2025 |
||